000 00341nam a2200133Ia 4500
008 240624s9999 xx 000 0 und d
041 _aeng
082 _a346.163 GUP
100 _aGUPTA D P
245 _aPRACTICAL GUIDE FOR PREVENTION OF FRAUDS
260 _c2005
_aNew Delhi
_bTaxmann
300 _ai-50, : 417 : p. : cm. ; 24
365 _cRS
999 _c2780
_d2780